| 000 | 00000nam##2200000za#4500 |
| 001 | 9.695312 |
| 003 | CaOODSP |
| 005 | 20240209132437 |
| 007 | cr ||||||||||| |
| 008 | 150407|1999||||xxc|||||o f|0| 0 eng|d |
| 040 | |aCaOODSP|beng |
| 043 | |an-cn--- |
| 086 | 1 |aC89-4/78-1999E-PDF |
| 110 | 2 |aAtlantic Canada Opportunities Agency. |
| 245 | 10|aReport on achievements, 1998-1999 : |h[electronic resource]|bimplementation of section 41 of the Official Languages Act |
| 260 | |bAtlantic Canada Opportunities Agency |c[1999]. |
| 300 | |a29p.|btables |
| 590 | |a11-30-Supp|b2011-12-02 |
| 690 | 07|aOfficial languages|2gcpds |
| 690 | 07|aEconomic development|2gcpds |
| 690 | 07|aEntrepreneurship|2gcpds |
| 775 | 08|tÉtat des réalisations, 1998-1999 : |w(CaOODSP)9.639458 |
| 776 | 0#|tReport on achievements, 1998-1999 : |w(CaOODSP)9.647859 |
| 856 | 40|ahttp://publications.gc.ca|qPDF|s126 KB|uhttps://publications.gc.ca/collections/Collection/C89-4-78-1999E.pdf |